| 000 | 00796nam a2200217 a 4500 | ||
|---|---|---|---|
| 001 | 000085274 | ||
| 005 | 20200120224913.0 | ||
| 008 | 180703s2006 ck aco g|| |000|||spa d | ||
| 041 | _aspa | ||
| 043 | _as-ck--- | ||
| 082 | 0 | 4 |
_221 _a356.1 _bC65in |
| 110 | 1 | _aColombia. Armada Nacional. | |
| 245 | 1 | 0 |
_aLa infantería de marina colombiana : _btrascendencia e imagen del Cuerpo de Tropa de la Armada Nacional / _carte y redacción Carlos Cardoso Puentes. |
| 260 |
_a[Bogotá] : _bRasgo & Color, _c2006. |
||
| 300 |
_a359 páginas : _bilustraciones. |
||
| 610 |
_aColombia. Armada Nacional _xHistoria. |
||
| 650 | 1 | 4 |
_aMarina de guerra _xHistoria _zColombia. |
| 650 | 1 | 4 |
_aFuerzas armadas _xHistoria _zColombia. |
| 650 | 2 | 4 |
_aCiencia Naval _xHistoria _zColombia |
| 651 |
_aColombia _xHistoria militar. |
||
| 999 |
_c11660 _d11660 |
||